000 00200nam a2200085Ia 4500
008 170620s9999 xx 000 0 und d
100 _aKleiser- Grenvillie
245 0 _aSpelling Power
260 _bNew Delhi- A.P.H
260 _c2011
999 _c25951
_d25951